UM Logo

Motiivational factors affecting the level of performance of part-time professors in University of Mindanao Digos College/ (Record no. 2340)

MARC details
000 -LEADER
fixed length control field 00667nam a22001577a 4500
008 - FIXED-LENGTH DATA ELEMENTS--GENERAL INFORMATION
fixed length control field 160506b xxu||||| |||| 00| 0 eng d
082 ## - DEWEY DECIMAL CLASSIFICATION NUMBER
Edition number 2012
Classification number UT 0497
Item number Z14
100 ## - MAIN ENTRY--PERSONAL NAME
9 (RLIN) 7679
Personal name Zamora, John Mark R.
245 ## - TITLE STATEMENT
Title Motiivational factors affecting the level of performance of part-time professors in University of Mindanao Digos College/
Statement of responsibility, etc. Jonh Mark R. Zamora, Jefferson I. Lambino and Ajele C. Prito.
260 ## - PUBLICATION, DISTRIBUTION, ETC. (IMPRINT)
Place of publication, distribution, etc. Digos City:
Name of publisher, distributor, etc. UMDC
Date of publication, distribution, etc. December 2012.
300 ## - PHYSICAL DESCRIPTION
Extent 62 pages;
Dimensions 30 cm.
650 #0 - SUBJECT ADDED ENTRY--TOPICAL TERM
9 (RLIN) 7675
Topical term or geographic name as entry element Business Administration
Form subdivision Marketing Management
General subdivision Undergraduate thesis.
700 ## - ADDED ENTRY--PERSONAL NAME
9 (RLIN) 7670
Personal name Lambino, Jefferson I.
700 ## - ADDED ENTRY--PERSONAL NAME
9 (RLIN) 7672
Personal name Prito, Anjele C.
942 ## - ADDED ENTRY ELEMENTS (KOHA)
Source of classification or shelving scheme Dewey Decimal Classification
Koha item type Undergraduate Thesis
Holdings
Withdrawn status Lost status Source of classification or shelving scheme Damaged status Not for loan Collection code Home library Current library Date acquired Total Checkouts Full call number Barcode Date last seen Price effective from Koha item type
    Dewey Decimal Classification     Undergraduate Theses UM Digos College - LIC UM Digos College - LIC 05/06/2016   UT 0497 Z14 2012 UT0497 05/06/2016 05/06/2016 Undergraduate Thesis